000
00325nam a2200133Ia 4500
008
191201s1998 xx 000 0 und d
100
_a
KRUGLINSKI, David J
245
0
_a
Programming MS Visual C++
250
_a
7th
260
_a
N.Delhi
_b
Pearson Education
_c
1998
300
_a
1153
650
_a
B.Tech(IT)
942
_2
ddc
_c
BK
999
_c
2747
_d
2747